| 000 | 00839nam a22002657a 4500 | ||
|---|---|---|---|
| 003 | MX-MxINE | ||
| 005 | 20260601171019.0 | ||
| 008 | 260518t2000\\\\mx\a||||\||||\00|\0\spa\d | ||
| 020 | _a970683009X | ||
| 040 |
_aMX-MxINE _bspa _cMX-MxINE _erda |
||
| 041 | _aspa | ||
| 050 |
_aSB317.M3 _bM34 |
||
| 100 | _eautor | ||
| 245 |
_aMaguey / _cdirector general, Alberto Ruy Sanchez Lacy ; numero coordinado por Dominique Dufetel |
||
| 264 |
_aMéxico : _bArtes de México, _c2000 |
||
| 300 |
_a96, 13 páginas : _bilustraciones ; |
||
| 336 |
_2rdacontent _atexto |
||
| 337 |
_2rdamedia _asin medio |
||
| 338 |
_2rdacarrier _avolumen |
||
| 490 |
_aArtes de Mexico ; _v51 |
||
| 650 |
_aMaguey _923128 |
||
| 700 | 1 |
_aDufetel Crimet, Dominique, _eeditor _934407 |
|
| 700 | 1 |
_aRuy Sánchez, Alberto, _d1951- _eeditor _91401 |
|
| 942 |
_2lcc _cB _n1 |
||
| 999 |
_c20817 _d20817 |
||